LEADER 01014nam0-2200361---450- 001 990000793390403321 005 20061207104633.0 010 $a0-444-89045-9 035 $a000079339 035 $aFED01000079339 035 $a(Aleph)000079339FED01 035 $a000079339 100 $a20020821d1991----km-y0itay50------ba 101 0 $aeng 102 $aNL 105 $aa-------001yy 200 1 $aDynamics of structures$fJohn Argyris, Hans-Peter Mlejnek 210 $aAmsterdam [etc.]$cNorth-Holland$d1991 215 $aXXII, 606 p.$cill.$d25 cm 225 1 $aTexts on computational mechanics$v5 610 0 $aSTRUTTURE DINAMICHE 676 $a624.1720 700 1$aArgyris,$bJohn H.$f<1916- >$039162 701 1$aMlejnek,$bHans-Peter$039163 801 0$aIT$bUNINA$gRICA$2UNIMARC 901 $aBK 912 $a990000793390403321 952 $aTECN B 1196$b9365$fFARBC 952 $aA 196$fDINPA 959 $aFARBC 959 $aDINPA 996 $aDynamics of structures$9351785 997 $aUNINA LEADER 01318nam 2200325Ia 450 001 996397229203316 005 20221107143218.0 035 $a(CKB)4940000000063865 035 $a(EEBO)2264208185 035 $a(OCoLC)08801192 035 $a(EXLCZ)994940000000063865 100 $a19820923d1689 uy | 101 0 $alat 135 $aurbn||||a|bb| 200 10$aAesopi fabulae Anglo-Latinae$b[electronic resource] $equarum singulae in distinctas suas periodos, numericis characteribus annotatas, ita dividuntur ut in eisdem transcribendis & transferendis exercitati pueruli, non modo regulas quascunque grammaticas accuratius intelligant, sed & aptam verborum compositionem, atque idiomata utriusque linguae felici`us prosequantur, atq imitentur /$fa Carolo Hoole 210 $aLondini $cExcudebat M.F. pro Societate Stationariorum$d1689 215 $a[6], 263 p 300 $aAdded t.p. in English. 300 $aLatin and English on facing pages. 300 $aReproduction of original in the Cambridge University Library. 330 $aeebo-0021 700 $aAesop$0859552 701 $aHoole$b Charles$f1610-1667.$0793350 801 0$bEEU 801 1$bEEU 801 2$bWaOLN 906 $aBOOK 912 $a996397229203316 996 $aAesopi fabulae Anglo-Latinae$92365144 997 $aUNISA